| 000 | 01030cac a22003131i 4500 | ||
|---|---|---|---|
| 003 | EG-ScBUE | ||
| 005 | 20230411093837.0 | ||
| 008 | 230411s1992 enkac f 001 0 eng d | ||
| 020 | _a0851703453 | ||
| 020 | _a9780851703459 | ||
| 035 | _a(OCoLC)26929974 | ||
| 040 |
_aEG-ScBUE _beng _erda _cEG-ScBUE _dEG-ScBUE |
||
| 082 | 0 | 4 |
_a791.45750941 _bPYM _222 |
| 100 | 1 |
_aPym, John, _eauthor. |
|
| 245 | 1 | 0 |
_aFilm on four 1982/1991 : _ba survey / _cby John Pym. |
| 264 | 1 |
_aLondon : _bBFI Publishing, _c1992. |
|
| 300 |
_a224 pages : _billustrations, portraits ; _c26 cm |
||
| 336 |
_2rdacontent _atext _btxt |
||
| 337 |
_2rdamedia _aunmediated _bn |
||
| 338 |
_2rdacarrier _avolume _bnc |
||
| 500 | _aIncludes index. | ||
| 650 | 7 |
_aTelevision broadcasting of films _zGreat Britain. _2BUEsh |
|
| 650 | 7 |
_aMotion pictures _xProduction and direction. _2BUEsh |
|
| 653 | _bCOMAME | ||
| 655 | _vReading book | ||
| 710 | 2 | _aFilm on Four (Television program) | |
| 710 | 2 | _aChannel Four (Great Britain) | |
| 942 |
_cBB _2ddc |
||
| 999 |
_c5583 _d5583 |
||